[Event "Mittelrhein Verbandsliga-W 18/19"]
[Site "Nordrheinwestfalen"]
[Date "2019.05.19"]
[Round "11.5"]
[White "Huppertz, Franz Josef"]
[Black "Sorokin, Michael"]
[Result "0-1"]
[WhiteElo "1756"]
[BlackElo "1702"]
[PlyCount "64"]
[EventDate "2018.09.02"]
[EventType "team-tourn"]
[EventRounds "11"]
[EventCountry "GER"]
[SourceTitle "EXT 2022"]
[Source "ChessBase"]
[SourceDate "2021.10.06"]
[SourceVersion "1"]
[SourceVersionDate "2021.10.06"]
[SourceQuality "1"]
[WhiteTeam "Eschweiler SC"]
[BlackTeam "Lendersdorf"]
[WhiteTeamCountry "GER"]
[BlackTeamCountry "GER"]

1. d4 Nf6 2. c4 g6 3. Nc3 d5 4. e3 Bg7 5. Nf3 0-0 6. Bd3 c5 7. 0-0 Nc6 8. cxd5 Nxd5 9. Nxd5 Qxd5 10. e4 Qd6 11. d5 Ne5 12. Nxe5 Bxe5 13. f4 Bd4+ 14. Kh1 e6 15. Bc4 b5 16. Bxb5 exd5 17. Bd3 dxe4 18. Bxe4 Ba6 19. Rf3 Rae8 20. Bd3 Bxd3 21. Rxd3 Re4 22. Qf1 Rfe8 23. Bd2 c4 24. Rf3 Bxb2 25. Bc3 Bxa1 26. Qxa1 f6 27. Qc1 Kf7 28. h3 Rd8 29. Rf1 Re2 30. a3 Qd5 31. Rg1 Qe4 32. Qa1 Rd3 0-1